000 00983nam a22003257a 4500
001 0004110
003 KOHA_MİRAKIL
005 20260207001400.0
007 ta
008 090416b1996 tu |||gr||||#0|||1|tur |
020 _a975363403X
_c0,01
040 _aTR-BiSEU
_btur
_cTR-BiSEU
_erda
041 0 _atur
044 _ctu
050 _aPT9583
_b.B56 1996
245 0 _a1945 sonrası İsveç şiiri antolojisi/
_ceditör Lütfi Özkök, Yüksel Peker.
264 1 _aİstanbul :
_bYapı Kredi Yayınları
_c1996
300 _a239 sayfa; 23 cm.
336 _ametin
_btxt
_2rdacontent
337 _aaracısız
_bn
_2rdamedia
338 _acilt
_bnc
_2rdacarrier
490 1 _aYapı Kredi Yayınları - Şiir ;
_v57.
650 0 _aİsveç edebiyatı.
_910055
650 0 _aİsveç şiiri.
_910056
650 0 _aSwedish literature.
_910057
650 0 _aSwedish poetry.
_910058
830 1 _aYapı Kredi Yayınları - Şiir ;
_v57.
_99605
907 _aAntoloji
942 _2lcc
_cBK
999 _c4093
_d4093